[Event "Sao Paulo Ataque Duplo op"]
[Site "Sao Paulo"]
[Date "2024.08.17"]
[Round "2"]
[White "Roncolatto, Joao Pedro Brentani"]
[Black "Ishikawa, Emilio Keiji"]
[Result "1-0"]
[WhiteElo "1436"]
[BlackElo "1810"]
[PlyCount "113"]
[EventDate "2024.08.17"]
[EventType "swiss"]
[EventRounds "5"]
[EventCountry "BRA"]
[SourceTitle "CBM 221 Extra"]
[Source "ChessBase"]
[SourceDate "2024.09.30"]
[SourceVersion "1"]
[SourceVersionDate "2024.09.30"]
[SourceQuality "1"]

1. c4 c5 2. Nc3 Nc6 3. g3 g6 4. Nf3 Bg7 5. Bg2 e6 6. d3 Nge7 7. 0-0 a6 8. a4 0-0 9. Bg5 h6 10. Be3 d6 11. Qd2 Nf5 12. Rad1 Nxe3 13. fxe3 Rb8 14. d4 cxd4 15. exd4 Qb6 16. e3 Qb3 17. Qe2 Na5 18. Nd2 Qxb2 19. Nde4 Qb6 20. Nf6+ Kh8 21. Rf2 Qd8 22. Rdf1 Nc6 23. Nh5 f5 24. Nxg7 Kxg7 25. g4 Bd7 26. gxf5 exf5 27. Ne4 Qe7 28. Nc3 Rbe8 29. Nd5 Qd8 30. Nf4 Kh7 31. Qd2 Qa5 32. Qb2 Qb4 33. Qa1 Nd8 34. Rb1 Qxc4 35. Bd5 Qc7 36. Rg2 Rf6 37. Qa2 Bc6 38. Rc2 Qe7 39. Re2 g5 40. Nh5 Rg6 41. Rf1 Rf8 42. e4 Bxd5 43. Qxd5 f4 44. e5 Qe6 45. Qe4 d5 46. Qf3 Nc6 47. Nf6+ Kg7 48. Qd3 h5 49. Rg2 Nxe5 50. dxe5 Qxe5 51. Nd7 Qe4 52. Qxe4 dxe4 53. Nxf8 Kxf8 54. Rxf4+ gxf4 55. Rxg6 Kf7 56. Rh6 e3 57. Kf1 1-0

[Event "Sao Paulo Hebraica op 31st"]
[Site "Sao Paulo"]
[Date "2023.06.30"]
[Round "1"]
[White "Vieira, Alexandre Letizio"]
[Black "Roncolatto, Joao Pedro Brentani"]
[Result "1/2-1/2"]
[WhiteElo "1674"]
[BlackElo "1043"]
[PlyCount "89"]
[EventDate "2023.06.30"]
[EventType "swiss"]
[EventRounds "6"]
[EventCountry "BRA"]
[SourceTitle "CBM 215 Extra"]
[Source "ChessBase"]
[SourceDate "2023.09.30"]
[SourceVersion "1"]
[SourceVersionDate "2023.09.30"]
[SourceQuality "1"]

1. b4 d5 2. Bb2 Nf6 3. Nf3 e6 4. b5 c5 5. e3 Be7 6. Be2 Nbd7 7. 0-0 0-0 8. a4 b6 9. d3 Bb7 10. Nbd2 Bd6 11. c4 Rc8 12. Re1 Qc7 13. h3 Rfe8 14. Rc1 Qd8 15. Qb3 dxc4 16. dxc4 Bb8 17. Rcd1 Qc7 18. Nf1 e5 19. Qc3 Ne4 20. Qc2 Ndf6 21. N3d2 Qe7 22. Nxe4 Nxe4 23. Bd3 Nf6 24. e4 Rcd8 25. Ng3 Bc8 26. Be2 Rd7 27. Rxd7 Nxd7 28. Bg4 Nf8 29. Bxc8 Rxc8 30. Nf5 Qf6 31. Rd1 Rd8 32. Rxd8 Qxd8 33. Ne3 Ne6 34. Nd5 Nd4 35. Bxd4 exd4 36. Qd2 Qd6 37. g3 Qe6 38. Qe2 f5 39. Kg2 fxe4 40. Qd2 Be5 41. Qg5 Bf6 42. Nxf6+ Qxf6 43. Qd5+ Qf7 44. Qd8+ Qf8 45. Qd5+ 1/2-1/2

[Event "BRA-ch Amateur U1600"]
[Site "Sao Paulo"]
[Date "2022.06.17"]
[Round "3"]
[White "Crismanis Teles, Jose Henrique"]
[Black "Roncolatto, Joao Pedro Brentani"]
[Result "0-1"]
[WhiteElo "1163"]
[BlackElo "1800"]
[PlyCount "62"]
[EventDate "2022.06.16"]
[EventType "swiss"]
[EventRounds "7"]
[EventCountry "BRA"]
[SourceTitle "CBM 208 Extra"]
[Source "ChessBase"]
[SourceDate "2022.07.31"]
[SourceVersion "1"]
[SourceVersionDate "2022.07.31"]
[SourceQuality "1"]

1. d4 f5 2. c4 Nf6 3. Nc3 g6 4. Nf3 Bg7 5. e3 0-0 6. Bd3 d6 7. 0-0 c6 8. Qb3 Kh8 9. e4 fxe4 10. Nxe4 Nbd7 11. Nfg5 Nxe4 12. Ne6 Nec5 13. dxc5 Nxc5 14. Nxc5 dxc5 15. Bd2 h6 16. Bc3 Bd4 17. Be4 Qd6 18. Rad1 e5 19. Rd3 Bf5 20. Bxf5 Rxf5 21. Qc2 Raf8 22. Qe2 Rxf2 23. Rxf2 Rxf2 24. Rxd4 exd4 25. Bxd4+ cxd4 26. Qxf2 d3 27. Qd2 Qd4+ 28. Qf2 Qd8 29. Qd2 Kg7 30. Kf2 Qd4+ 31. Ke1 Qg1# 0-1